Тромбоэмболия легочной артерии и тромбофилические состояния: современные принципы диагностики и лечения (Запись № 1442768)

Подробности
000 -МАРКЕР
контрольное поле 02054nam0a2200361 4500
001 - ИДЕНТИФИКАТОР ЗАПИСИ
контрольное поле RU\NLR\bibl\1747346
005 - ИДЕНТИФИКАТОР ВЕРСИИ
контрольное поле 20260406224459.0
010 ## - МЕЖДУНАРОДНЫЙ СТАНДАРТНЫЙ НОМЕР КНИГИ (ISBN)
Номер (ISBN) 978-5-91746-020-8
Тираж 3000
035 ## - ДРУГИЕ СИСТЕМНЫЕ НОМЕРА
Идентификатор записи (NLR Aleph) 001738234
100 ## - ДАННЫЕ ОБЩЕЙ ОБРАБОТКИ
Данные общей обработки 20101005d2010 |||y0rusy50 ca
101 0# - ЯЗЫК РЕСУРСА
Язык текста, звукозаписи и т.д. русский
102 ## - СТРАНА ПУБЛИКАЦИИ ИЛИ ПРОИЗВОДСТВА
Страна публикации Российская Федерация
105 ## - ПОЛЕ КОДИРОВАННЫХ ДАННЫХ: ТЕКСТОВЫЕ МАТЕРИАЛЫ, МОНОГРАФИЧЕСКИЕ
Кодированные данные о монографическом текстовом документе y |||||||||
200 1# - ЗАГЛАВИЕ И СВЕДЕНИЯ ОБ ОТВЕТСТВЕННОСТИ
Основное заглавие Тромбоэмболия легочной артерии и тромбофилические состояния: современные принципы диагностики и лечения
Первые сведения об ответственности [к.м.н. А.В. Никитин, д-ра мед. наук, профессора Н.П. Потехин, А.Н. Фурсов, д.м.н. С.А. Чернов
Последующие сведения об ответственности под ред. д.м.н., проф. П.В. Ипатова]
-- М-во обороны Рос. Федерации, Гл. воен. клин. госпиталь им. И.Н. Бурденко
210 ## - ПУБЛИКАЦИЯ, РАСПРОСТРАНЕНИЕ И ДР.
Место издания, распространения и т.д. Москва
Имя издателя, распространителя и т. д. Миклош
Дата издания, распространения и т.д. 2010
215 ## - ФИЗИЧЕСКАЯ ХАРАКТЕРИСТИКА
Специфическое обозначение материала и объем 119 с.
Размеры 20
320 ## - ПРИМЕЧАНИЯ О НАЛИЧИИ В ДОКУМЕНТЕ БИБЛИОГРАФИИ / УКАЗАТЕЛЯ
Текст примечания Библиогр.: с. 114-119 (127 назв.)
606 1# - НАИМЕНОВАНИЕ ТЕМЫ КАК ПРЕДМЕТ
Наименование темы Легочная артерия
Тематический подзаголовок Тромбоэмболия при тромбофилии
Системный номер авторитетной/нормативной записи 2618234
Идентификатор авторитетной/нормативной записи RU\NLR\auth\661554794
686 ## - ИНДЕКСЫ ДРУГИХ КЛАССИФИКАЦИЙ
Индекс Р412.303.5-5
686 ## - ИНДЕКСЫ ДРУГИХ КЛАССИФИКАЦИЙ
Индекс Р411.023-7
686 ## - ИНДЕКСЫ ДРУГИХ КЛАССИФИКАЦИЙ
Индекс Р457.365.230.35-59
701 #1 - ИМЯ ЛИЦА - АЛЬТЕРНАТИВНАЯ ОТВЕТСТВЕННОСТЬ
Код отношения Автор
Материалы, к которым относится поле rus
Графика поля Кириллица
Начальный элемент ввода Никитин
Часть имени, кроме начального элемента ввода А. В.
Дополнения к именам, кроме дат канд. мед. наук
Расширение инициалов личного имени Александр Васильевич
Идентификатор авторитетной/нормативной записи RU\NLR\auth\7761543
Системный номер авторитетной/нормативной записи 44473
701 #1 - ИМЯ ЛИЦА - АЛЬТЕРНАТИВНАЯ ОТВЕТСТВЕННОСТЬ
Начальный элемент ввода Потехин
Часть имени, кроме начального элемента ввода Н. П.
Расширение инициалов личного имени Николай Павлович
Код отношения Автор
701 #1 - ИМЯ ЛИЦА - АЛЬТЕРНАТИВНАЯ ОТВЕТСТВЕННОСТЬ
Начальный элемент ввода Фурсов
Часть имени, кроме начального элемента ввода А. Н.
Расширение инициалов личного имени Андрей Николаевич
Код отношения Автор
701 #1 - ИМЯ ЛИЦА - АЛЬТЕРНАТИВНАЯ ОТВЕТСТВЕННОСТЬ
Код отношения Автор
Материалы, к которым относится поле rus
Графика поля Кириллица
Начальный элемент ввода Чернов
Часть имени, кроме начального элемента ввода С.А.
Дополнения к именам, кроме дат д-р мед. наук
Расширение инициалов личного имени Сергей Александрович
Идентификатор авторитетной/нормативной записи RU\NLR\auth\7734780
Системный номер авторитетной/нормативной записи 17782
702 #1 - ИМЯ ЛИЦА - ВТОРИЧНАЯ ОТВЕТСТВЕННОСТЬ
Начальный элемент ввода Ипатов
Часть имени, кроме начального элемента ввода П. В.
Код отношения Редактор
712 02 - НАИМЕНОВАНИЕ ОРГАНИЗАЦИИ - ВТОРИЧНАЯ ОТВЕТСТВЕННОСТЬ
Код отношения Прочие
Начальный элемент ввода Главный клинический военный госпиталь им. Н. Н. Бурденко
Идентифицирующий признак Москва
Идентификатор авторитетной/нормативной записи RU\NLR\AUTH\889980151
Системный номер авторитетной/нормативной записи 456592
801 #0 - ИСТОЧНИК ЗАПИСИ
Страна Российская Федерация
Организация NLR
Дата составления 20101005
Правила каталогизации RCR
801 #1 - ИСТОЧНИК ЗАПИСИ
Страна Российская Федерация
Организация NLR
Дата составления 20101005
942 ## - ДОПОЛНИТЕЛЬНЫЕ ЭЛЕМЕНТЫ ЗАПИСИ (АБИС)
Тип экземпляра АБИС Книга
980 ## - КОЛЛЕКЦИЯ
Название коллекции Национальная библиография
Экземпляры
Тип экземпляра Дата поступления Источник поступления Стоимость Библиотека постоянного хранения Библиотека текущего хранения Место хранения Шифр хранения Штрих-код Статус экземпляра
Книга 16.03.2011 Покупка 180.00 РНБ (Московский) РНБ (Московский) Русский книжный фонд: издания с 1957 года 2011-3/8545 3377262  
Книга 28.09.2012 Покупка 362.00 РНБ (Московский) РНБ (Московский) Фонд общего зала литературы по биологии и медицине М1 Р412/Т-721 1-323979